Complete Hand Written Book Mechanical Engineering/ (Record no. 213482)

MARC details
000 -LEADER
fixed length control field 00635nam a22002057a 4500
005 - DATE AND TIME OF LATEST TRANSACTION
control field 20250926154641.0
010 ## - LCCN (DPL NO)
LC control number ENG-146875
020 ## - INTERNATIONAL STANDARD BOOK NUMBER
International Standard Book Number 9789369587742
Terms of availability 799.00
035 ## - SYSTEM CONTROL NUMBER
System control number EN-130407
037 ## - SOURCE OF ACQUISITION
Source of stock number/acquisition DBAD
082 ## - DEWEY DECIMAL CLASSIFICATION NUMBER
Edition number 1
Classification number 621
100 ## - MAIN ENTRY--PERSONAL NAME
Personal name Shivam Gupta
245 ## - TITLE STATEMENT
Title Complete Hand Written Book Mechanical Engineering/
Statement of responsibility, etc Shivam Gupta
250 ## - EDITION STATEMENT
Edition statement 1
260 ## - PUBLICATION, DISTRIBUTION, ETC. (IMPRINT)
Place of publication, distribution, etc Uttar Pradesh
Name of publisher, distributor, etc S. Chand Publishing
Date of publication, distribution, etc 2025
270 ## - ADDRESS
Address D-92, Sector-2, Noida
City Uttar Pradesh
Postal code 201301
Telephone number 61-120-4682700
300 ## - PHYSICAL DESCRIPTION
Extent 402p.
Dimensions 21cm(pb)
500 ## - GENERAL NOTE
General note for All AE/JE & PSU Engineering Exams
942 ## - ADDED ENTRY ELEMENTS (KOHA)
Source of classification or shelving scheme Dewey Decimal Classification
Item type English Books
Call number suffix GUP
Classification part 621

No items available.


© Delhi Public Library
Hit Counter
free hit counter